Meenkari/ (Record no. 28551)

000 -LEADER
fixed length control field 00413nam a22001571a 4500
082 ## - DEWEY DECIMAL CLASSIFICATION NUMBER
Classification number M301
Item number NEE/M
100 ## - MAIN ENTRY--AUTHOR NAME
Personal name Neelakanda Pillai Karoor
245 ## - TITLE STATEMENT
Title Meenkari/
Statement of responsibility, etc by Neelakanda Pillai Karoor
250 ## - EDITION STATEMENT
Edition statement 5th
260 ## - PUBLICATION, DISTRIBUTION, ETC. (IMPRINT)
Place of publication Kottayam:
Name of publisher Sahitya Pravartaka Co-operative Society,
Year of publication 2011.
300 ## - PHYSICAL DESCRIPTION
Number of Pages 72p.
650 ## - SUBJECT ADDED ENTRY--TOPICAL TERM
Topical Term Novel Malayalam
650 ## - SUBJECT ADDED ENTRY--TOPICAL TERM
Topical Term Literature Malayalam
650 ## - SUBJECT ADDED ENTRY--TOPICAL TERM
Topical Term Literature
942 ## - ADDED ENTRY ELEMENTS (KOHA)
Koha item type Book
Holdings
Withdrawn status Lost status Damaged status Not for loan Permanent Location Current Location Date acquired Cost, normal purchase price Full call number Accession Number Cost, replacement price Price effective from Koha item type
        Sree Sankaracharya University of Sanskrit Sree Sankaracharya University of Sanskrit 08.01.2015 55.00 M301 NEE/M 063489 0.00 08.01.2015 Book